| 000 | 00894nam a2200253Ia 4500 | ||
|---|---|---|---|
| 008 | 130821s1995 mx gr spa | ||
| 020 | _a968364726X | ||
| 040 |
_aCo-BoUCM _bspa |
||
| 041 | 0 | 0 | _aspa |
| 245 | 0 | 0 |
_aAproximaciones lecturas del texto _cEsther Cohen, editora |
| 260 |
_aMéxico D.F. (México) _bUniversidad Nacional Autónoma de México _c1995 |
||
| 300 | _a358 páginas | ||
| 490 | 0 |
_aEdiciones Especiales _v2 |
|
| 504 | _aIncluye índice general. | ||
| 650 | 0 | 4 |
_aAnálisis del discurso _990 |
| 650 | 0 | 4 |
_aHermenéutica _916779 |
| 650 | 0 | 4 |
_aLectura _918308 |
| 650 | 0 | 4 |
_aSemiótica _924186 |
| 650 | 0 | 4 |
_aTeoría lingüística _9440 |
| 700 | 1 |
_aCohen, Esther _eed. _9110356 |
|
| 710 | 1 |
_aUniversidad Nacional Autonoma de México. _bInstituto de Investigaciones Filológicas _9164988 |
|
| 942 |
_cLIBRO _a12 _e1 _mA654 _2DEWEY _h401.41 |
||
| 999 |
_c59445 _d59445 |
||